[Event "17th Aeroflot Open-A 2019"]
[Site "Moscow"]
[Date "2019.02.19"]
[Round "1.30"]
[White "Chigaev, Maksim"]
[Black "Vokhidov, Shamsiddin"]
[Result "*"]
[WhiteElo "2613"]
[BlackElo "2494"]
[Annotator "TA"]
[PlyCount "22"]
[EventDate "2019.02.19"]
[EventCountry "RUS"]
[SourceTitle "playchess.com"]
[Source "ChessBase"]
[SourceQuality "1"]

{[%evp 10,22,4,-19,-19,-21,1,-20,-14,-16,-19,-28,0,-16,-13]} 1. Nf3 Nf6 2. g3 c5 3. Bg2 g6 4. b3 Bg7 5. Bb2 d5 6. c4 d4 {A05: Réti Opening: 1 Nf3 Nf6} 7. b4 Nfd7 8. bxc5 Nxc5 9. O-O O-O 10. d3 b6 $146 ({Predecessor:} 10... Nc6 11. Ba3 Qa5 12. Bxc5 Qxc5 13. Nbd2 Rb8 14. Rb1 {½-½ (33) Fressinet,L (2692)-Fier,A (2624) Drancy 2016}) 11. Nbd2 Bb7 *

[Event "17th Aeroflot Open-A 2019"]
[Site "Moscow"]
[Date "2019.02.20"]
[Round "1.31"]
[White "Henderson de La Fuente, Lance"]
[Black "Goganov, Aleksey"]
[Result "1/2-1/2"]
[WhiteElo "2490"]
[BlackElo "2612"]
[Annotator "RC"]
[PlyCount "60"]
[EventDate "2019.02.19"]
[EventCountry "RUS"]
[SourceTitle "playchess.com"]
[Source "ChessBase"]
[SourceQuality "1"]
[TimeControl "40/5400+30:1800+30"]

1. e4 {[%emt 0:00:00]} e5 {[%emt 0:00:00]} 2. Nf3 {[%emt 0:00:00]} Nc6 {[%emt 0:00:00]} 3. Bb5 {[%emt 0:00:04]} Nf6 {[%emt 0:00:00]} 4. O-O {[%emt 0:00:23]} Nxe4 {[%emt 0:00:00]} 5. Re1 {[%emt 0:00:22]} Nd6 {[%emt 0:00:00]} 6. Nxe5 {[%emt 0:00:08]} Be7 {[%emt 0:00:03]} 7. Bf1 {[%emt 0:00:14]} Nxe5 {[%emt 0:00:11]} 8. Rxe5 {[%emt 0:00:05]} O-O {[%emt 0:00:08]} 9. d4 {[%emt 0:00:11]} Bf6 {[%emt 0:00:05]} 10. Re1 {[%emt 0:00:11]} Re8 {[%emt 0:00:05]} 11. Bf4 {[%emt 0:00:21]} Rxe1 {[%emt 0:01:04]} 12. Qxe1 {[%emt 0:00:31]} Ne8 {[%emt 0:00:17]} 13. Qe3 {[%emt 0:00:46]} d5 {[%emt 0:04:39]} 14. Nd2 {[%emt 0:00:22]} Bf5 {[%emt 0:05:46]} 15. c3 {[%emt 0:00:38]} Nd6 {[%emt 0:02:34]} 16. Re1 {[%emt 0:00:41]} Qd7 {[%emt 0:03:31]} 17. Qg3 {[%emt 0:02:03]} Re8 {[%emt 0:01:53]} 18. Rxe8+ {[%emt 0:12:31]} Nxe8 {[%emt 0:00:11]} 19. b3 {[%emt 0:01:28]} Be7 {[%emt 0:05:29]} 20. h4 {[%emt 0:06:07]} c6 {[%emt 0:03:52]} 21. h5 {[%emt 0:10:29]} Nf6 {[%emt 0:01:52]} 22. Be2 {[%emt 0:00:22]} Qe6 {[%emt 0:01:58]} 23. h6 {[%emt 0:09:53]} g6 {[%emt 0:01:52]} 24. Be3 {[%emt 0:02:26]} Bd6 {[%emt 0:05:32]} 25. Qh4 {[%emt 0:01:44]} Bf8 {[%emt 0:03:26]} 26. Qg3 {[%emt 0:06:20]} Bd6 {[%emt 0:08:09]} 27. Qh4 {[%emt 0:00:15]} Bf8 {[%emt 0:00:28]} 28. Qh2 {[%emt 0:05:21]} Bd6 {[%emt 0:02:15]} 29. Qh4 {[%emt 0:00:17]} Bf8 {[%emt 0:00:06]} 30. Qh2 {[%emt 0:00:33]} Bd6 {[%emt 0:00:06]} 1/2-1/2

[Event "17th Aeroflot Open-A 2019"]
[Site "Moscow"]
[Date "2019.02.19"]
[Round "1.31"]
[White "Henderson de La Fuente, Lance"]
[Black "Goganov, Aleksey"]
[Result "*"]
[WhiteElo "2490"]
[BlackElo "2612"]
[Annotator "TA"]
[PlyCount "35"]
[EventDate "2019.02.19"]
[EventCountry "RUS"]
[SourceTitle "playchess.com"]
[Source "ChessBase"]
[SourceQuality "1"]

{[%evp 24,35,26,28,16,5,5,4,11,4,34,9,38,0]} 1. e4 e5 2. Nf3 Nc6 3. Bb5 a6 4. Ba4 Nf6 5. O-O Be7 6. Re1 b5 7. Bb3 d6 8. c3 O-O 9. h3 Nb8 10. d4 Nbd7 11. Nbd2 {[%cal Bb1d2,Bd2f1,Bf1g3][%mdl 32]} Bb7 12. Bc2 c5 13. d5 c4 {C95: Closed Ruy Lopez: Breyer Variation with 10 d4} 14. Nf1 (14. b4 cxb3 15. axb3 Qc7 16. Bb2 Rfb8 17. Bd3 Nc5 18. Bf1 a5 19. Rc1 b4 20. cxb4 axb4 21. Nc4 {1-0 (55) Zhigalko,S (2604)-Postny,E (2615) St Petersburg 2018}) 14... Qc7 15. Ng3 g6 16. Bh6 Rfe8 17. Nh2 $146 ({Predecessor:} 17. Qd2 Reb8 18. Rf1 a5 19. Ng5 Ba6 {1-0 (28) Podgursky,A (2472)-Ghysens,D (2426) ICCF email 2015}) 17... Bf8 18. Qd2 *

[Event "17th Aeroflot Open-A 2019"]
[Site "Moscow"]
[Date "2019.02.19"]
[Round "1.32"]
[White "Lupulescu, Constantin"]
[Black "Sargsyan, Shant"]
[Result "*"]
[WhiteElo "2610"]
[BlackElo "2488"]
[Annotator "RC"]
[PlyCount "26"]
[EventDate "2019.02.19"]
[EventCountry "RUS"]
[SourceTitle "playchess.com"]
[Source "ChessBase"]
[SourceQuality "1"]
[TimeControl "40/5400+30:1800+30"]

1. d4 {[%emt 0:00:00]} Nf6 {[%emt 0:00:00]} 2. c4 {[%emt 0:00:00]} e6 {[%emt 0:00:00]} 3. Nf3 {[%emt 0:00:00]} d5 {[%emt 0:00:00]} 4. Nc3 {[%emt 0:00:00]} Bb4 {[%emt 0:00:00]} 5. cxd5 {[%emt 0:00:00]} exd5 {[%emt 0:00:00]} 6. Bg5 {[%emt 0:00:00]} h6 {[%emt 0:00:00]} 7. Bh4 {[%emt 0:00:00]} O-O {[%emt 0:00:00]} 8. e3 {[%emt 0:00:00]} Bf5 {[%emt 0:00:00]} 9. Qb3 {[%emt 0:00:00]} Bxc3+ {[%emt 0:00:00]} 10. Qxc3 {[%emt 0:00:00]} Nbd7 {[%emt 0:00:00]} 11. Be2 {[%emt 0:00:00]} c6 {[%emt 0:03:06]} 12. Qa3 {[%emt 0:00:00]} Qb6 {[%emt 0:06:32]} 13. Nd2 {[%emt 0:00:00]} a5 {[%emt 0:05:57]} *

[Event "17th Aeroflot Open-A 2019"]
[Site "Moscow"]
[Date "2019.02.20"]
[Round "1.32"]
[White "Lupulescu, Constantin"]
[Black "Sargsyan, Shant"]
[Result "1-0"]
[WhiteElo "2610"]
[BlackElo "2488"]
[Annotator "TA"]
[PlyCount "149"]
[EventDate "2019.02.19"]
[EventCountry "RUS"]
[SourceTitle "playchess.com"]
[Source "ChessBase"]
[SourceQuality "1"]

{[%evp 13,149,25,25,36,22,24,24,15,16,8,13,6,13,10,19,16,21,22,23,18,24,26,25,26,28,23,21,23,33,22,36,33,33,33,38,33,38,33,33,33,46,1,7,1,0,0,0,0,6,0,0,0,0,0,10,0,0,0,0,0,12,0,7,0,8,6,14,14,54,43,60,59,62,63,111,11,17,25,18,0,52,52,61,12,12,12,13,20,107,8,101,102,87,75,183,211,492,437,655,266,762,393,1105,980,921,0,0,0,903,892,2481,1400,2173,4480,5073,5073,5081,5081,5073,5073,1852,5073,3691,5073,5073,5073,5073,5073,5073,5073,29971,29973,29974,29975,29982,29983,29983,29984]} 1. e4 e5 2. Nf3 Nc6 3. Bb5 a6 4. Ba4 Nf6 5. d3 b5 6. Bb3 Be7 7. a4 Rb8 8. axb5 {C77: Ruy Lopez: 3...a6 4 Ba4 Nf6, unusual lines} axb5 9. Nc3 (9. O-O O-O 10. Re1 d6 11. c3 Be6 12. Bxe6 fxe6 13. Bg5 Nd7 14. Be3 d5 15. Nbd2 Nc5 16. Nb3 Na4 17. Qe2 Bd6 18. d4 dxe4 19. Nxe5 Bxe5 20. dxe5 Nxe5 {1-0 (43) Adams,M (2738)-Shirov,A (2630) Douglas 2017}) 9... d6 10. Nd5 {White has an edge.} Nxd5 11. Bxd5 Nb4 12. Bb3 c5 13. c3 Nc6 14. Bd5 $146 ({Predecessor:} 14. d4 Qc7 15. Be3 exd4 16. cxd4 {1-0 (52) Guimaraes,D (2179)-De Andrade,D (1964) Petrolina 2009}) 14... Qc7 15. Ng5 Bxg5 16. Bxg5 O-O 17. O-O Be6 18. Bxe6 fxe6 19. Qb3 Qd7 20. Ra6 b4 {With the idea ...bxc3.} 21. Qc4 bxc3 22. bxc3 h6 23. Be3 Kh7 24. h3 Rb7 25. Rfa1 Rfb8 26. Kh2 Qc8 27. f4 Rb6 28. Rxb6 Rxb6 29. Rf1 exf4 30. Bxf4 e5 {[#] Hoping for ...Qf8.} 31. Be3 Qg8 32. Qa4 Qe8 33. Rf2 Qc8 34. Qc4 Qg8 35. Qa4 Qe8 36. Qa2 Qg8 37. Qa4 Qe8 38. Ra2 Qe6 39. Qc2 Qb3 40. Qf2 {Qf5+ is the strong threat.} Ne7 41. Ra7 Rb7 42. Rxb7 Qxb7 43. Qf7 Kh8 44. Bf2 (44. c4 $16) 44... Qb2 $1 $11 45. Bh4 Ng8 46. Qc7 (46. Qd7 {looks sharper.} Qd2 47. Bg3 c4 48. dxc4 Qxc3 49. Qxd6 Qxc4 50. Qxe5 Nf6 51. Qb8+) 46... Qxc3 ({Better is} 46... Qd2 $1 $11) 47. Qxd6 $14 Qd4 48. Qxd4 (48. Qd5 {seems wilder.} Nf6 49. Qe6 Nd7 50. Qb3 Kh7 51. Qc2) 48... exd4 {[%mdl 4096] Endgame KB-KN} 49. Bd8 {Black should prevent e5.} Nf6 50. Kg3 Nd7 (50... Kg8 $1 $11) 51. Kf4 (51. Kf3 $16) 51... Kg8 (51... g5+ $11 52. Kf5 c4 53. dxc4 d3) 52. e5 $16 Kf7 53. Bc7 Ke6 (53... Nf8 $16 54. Bd6 Ne6+ 55. Ke4 g5) 54. Ke4 $18 Nf8 $2 (54... g5 55. Bd6 h5) 55. Bd6 Nd7 (55... Ng6 $142 56. Bxc5 h5 57. Bxd4 Ne7) 56. h4 h5 $2 (56... g6 57. g4 h5) 57. g3 g6 $2 (57... Nb6 58. Bxc5 {[%mdl 64] Double Attack} Nd5 59. Kxd4 Nc7) 58. Bc7 Nf8 59. Bd6 Nd7 60. Bc7 Nf8 {[#]} 61. Bb8 $1 {[%cal Rb8c7]} Nd7 62. Bd6 Nb6 63. Bxc5 {[%mdl 64] Double Attack} Nd5 64. Bxd4 Nb4 65. Bc3 Nd5 66. Bd2 Ne7 67. d4 Nd5 68. Ba5 Ne7 69. Kf4 Nf5 70. Bb6 Ne7 71. Bc5 Nf5 72. Kg5 {White mates.} Nxg3 73. Kxg6 Kd5 74. Kf7 Nf5 75. e6 {Accuracy: White = 65%, Black = 38%.} 1-0

[Event "17th Aeroflot Open-A 2019"]
[Site "Moscow"]
[Date "2019.02.19"]
[Round "1.33"]
[White "Tahbaz, Arash"]
[Black "Idani, Pouya"]
[Result "*"]
[WhiteElo "2484"]
[BlackElo "2604"]
[Annotator "RC"]
[PlyCount "24"]
[EventDate "2019.02.19"]
[EventCountry "RUS"]
[SourceTitle "playchess.com"]
[Source "ChessBase"]
[SourceQuality "1"]
[TimeControl "40/5400+30:1800+30"]

1. e4 {[%emt 0:00:00]} c5 {[%emt 0:00:00]} 2. Nf3 {[%emt 0:00:00]} d6 {[%emt 0:00:00]} 3. Bb5+ {[%emt 0:00:00]} Nc6 {[%emt 0:00:00]} 4. O-O {[%emt 0:00:00]} Bd7 {[%emt 0:00:00]} 5. Re1 {[%emt 0:00:00]} Nf6 {[%emt 0:00:00]} 6. c3 {[%emt 0:00:00]} a6 {[%emt 0:00:00]} 7. Bf1 {[%emt 0:00:00]} Bg4 {[%emt 0:00:00]} 8. h3 {[%emt 0:00:00]} Bxf3 {[%emt 0:00:00]} 9. Qxf3 {[%emt 0:00:00]} e6 {[%emt 0:00:00]} 10. d3 {[%emt 0:15:54]} Be7 {[%emt 0:00:00]} 11. Nd2 {[%emt 0:00:27]} O-O {[%emt 0:00:00]} 12. Qe2 {[%emt 0:03:47]} Nd7 {[%emt 0:02:41]} *

[Event "17th Aeroflot Open-A 2019"]
[Site "Moscow"]
[Date "2019.02.20"]
[Round "1.33"]
[White "Tahbaz, Arash"]
[Black "Idani, Pouya"]
[Result "1/2-1/2"]
[WhiteElo "2484"]
[BlackElo "2604"]
[Annotator "TA"]
[PlyCount "54"]
[EventDate "2019.02.19"]
[EventCountry "RUS"]
[SourceTitle "playchess.com"]
[Source "ChessBase"]
[SourceQuality "1"]

{[%evp 9,54,0,6,0,0,0,0,0,23,1,-11,-18,18,0,30,0,0,0,88,89,94,96,98,55,111,105,109,97,106,97,115,10,24,23,11,13,24,0,0,0,29,0,0,0,0,0,0]} 1. e4 c5 2. Nc3 d6 3. d4 cxd4 4. Qxd4 Nc6 5. Qd2 (5. Bb5 Nf6 6. Bg5 Nd7 7. Qd2 a6 8. Be2 h6 9. Be3 e6 10. a4 b6 11. Nf3 {0-1 (61) Zvjaginsev,V (2642)-Fedoseev,V (2719) St Petersburg 2018}) 5... g6 6. b3 {B23: Closed Sicilian: Lines without g3} Bh6 7. f4 Nf6 8. Bb2 O-O 9. O-O-O a5 10. a4 Nb4 11. Kb1 Qb6 $146 12. Nge2 Be6 13. Nd4 Rac8 (13... Bg4 $11 14. Be2 Bxe2 15. Ndxe2 Rfc8) 14. Nxe6 $16 fxe6 {[#]} 15. g3 $1 e5 16. Bh3 Rc5 (16... Nxe4 $1 $14 17. Nxe4 Rxc2) 17. Be6+ Kh8 18. Rhf1 Qc6 19. Qe1 Bg7 {[#]} 20. f5 (20. fxe5 $1 $16 Rxe5 21. Bc4) 20... Nxe4 $1 $11 21. Nxe4 Rxc2 22. Bc3 Rxh2 {White must now prevent ...Nc2.} 23. g4 {And now Rf2 would win.} Nc2 $1 {[%cal Rc2e1]} 24. Qg3 Re2 25. Bd5 (25. Qd3 $5 {[%cal Rd3e2]} Na3+ 26. Ka1 $11) 25... Na3+ {The position is equal.} 26. Ka1 Nc2+ 27. Kb1 Na3+ {Accuracy: White = 46%, Black = 57%.} 1/2-1/2

[Event "17th Aeroflot Open-A 2019"]
[Site "Moscow"]
[Date "2019.02.19"]
[Round "1.34"]
[White "Jumabayev, Rinat"]
[Black "Iniyan, P."]
[Result "*"]
[WhiteElo "2604"]
[BlackElo "2480"]
[Annotator "ChessBase"]
[PlyCount "31"]
[EventDate "2019.02.19"]
[EventCountry "RUS"]
[SourceTitle "playchess.com"]
[Source "ChessBase"]
[SourceQuality "1"]
[TimeControl "40/5400+30:1800+30"]

1. Nf3 Nf6 2. g3 g6 3. Bg2 Bg7 4. d4 d6 5. c4 O-O 6. Nc3 Nc6 7. O-O Bg4 8. h3 Bxf3 9. Bxf3 Nd7 10. e3 e5 11. d5 Ne7 12. e4 f5 13. exf5 gxf5 14. Bg2 Ng6 15. Rb1 e4 16. Ne2 *

[Event "17th Aeroflot Open-A 2019"]
[Site "Moscow"]
[Date "2019.02.20"]
[Round "1.34"]
[White "Jumabayev, Rinat"]
[Black "Iniyan, P."]
[Result "1/2-1/2"]
[WhiteElo "2604"]
[BlackElo "2480"]
[Annotator "RC"]
[PlyCount "100"]
[EventDate "2019.02.19"]
[EventCountry "RUS"]
[SourceTitle "playchess.com"]
[Source "ChessBase"]
[SourceQuality "1"]
[TimeControl "40/5400+30:1800+30"]

1. e4 {[%emt 0:00:00]} c5 {[%emt 0:00:00]} 2. Nf3 {[%emt 0:00:00]} d6 {[%emt 0:00:08]} 3. Bc4 {[%emt 0:00:21]} Nf6 {[%emt 0:00:39]} 4. d3 {[%emt 0:00:06]} e6 {[%emt 0:00:09]} 5. Bb3 {[%emt 0:00:01]} a6 {[%emt 0:01:54]} 6. c3 {[%emt 0:00:27]} Nbd7 {[%emt 0:00:27]} 7. O-O {[%emt 0:00:22]} b5 {[%emt 0:02:46]} 8. Re1 {[%emt 0:01:28]} Bb7 {[%emt 0:00:08]} 9. Nbd2 {[%emt 0:00:30]} Be7 {[%emt 0:02:09]} 10. Nf1 {[%emt 0:03:21]} c4 {[%emt 0:11:35]} 11. dxc4 {[%emt 0:00:06]} Nxe4 {[%emt 0:00:12]} 12. cxb5 {[%emt 0:00:12]} axb5 {[%emt 0:00:04]} 13. Nd4 {[%emt 0:00:07]} O-O {[%emt 0:22:55]} 14. Bc2 {[%emt 0:12:54]} Ndf6 {[%emt 0:02:12]} 15. Nxb5 {[%emt 0:05:15]} Qb6 {[%emt 0:00:33]} 16. Nd4 {[%emt 0:00:06]} e5 {[%emt 0:01:39]} 17. Ng3 {[%emt 0:00:14]} Nxg3 {[%emt 0:06:12]} 18. hxg3 {[%emt 0:00:08]} exd4 {[%emt 0:00:03]} 19. Rxe7 {[%emt 0:00:11]} dxc3 {[%emt 0:00:14]} 20. bxc3 {[%emt 0:01:26]} Qc6 {[%emt 0:00:08]} 21. Qf3 {[%emt 0:00:36]} Qxf3 {[%emt 0:01:33]} 22. gxf3 Bxf3 {[%emt 0:00:16]} 23. Re3 {[%emt 0:01:56]} Bd5 {[%emt 0:01:49]} 24. a4 {[%emt 0:00:39]} Rfc8 {[%emt 0:04:35]} 25. Ba3 {[%emt 0:11:49]} Ng4 {[%emt 0:07:44]} 26. Re2 {[%emt 0:03:34]} Bf3 {[%emt 0:02:14]} 27. Rd2 {[%emt 0:00:30]} Rxc3 {[%emt 0:00:13]} 28. Bxd6 {[%emt 0:05:46]} Rac8 {[%emt 0:00:07]} 29. Re1 {[%emt 0:05:42]} Nf6 {[%emt 0:09:51]} 30. Rd3 {[%emt 0:04:19]} Rxc2 {[%emt 0:05:40]} 31. Rxf3 {[%emt 0:00:07]} Ra2 {[%emt 0:00:04]} 32. Ra3 {[%emt 0:01:17]} Rcc2 {[%emt 0:04:09]} 33. Ra1 {[%emt 0:07:32]} Rxa1+ {[%emt 0:03:29]} 34. Rxa1 {[%emt 0:00:57]} Ne4 {[%emt 0:00:31]} 35. Bb8 {[%emt 0:11:49]} Nc5 {[%emt 0:02:11]} 36. a5 {[%emt 0:00:49]} Na6 {[%emt 0:00:11]} 37. Ba7 {[%emt 0:02:17]} h6 {[%emt 0:00:37]} 38. Kg2 {[%emt 0:01:03]} Kf8 {[%emt 0:01:27]} 39. Kf3 {[%emt 0:01:20]} Ke7 {[%emt 0:00:14]} 40. Bd4 {[%emt 0:00:00]} g6 {[%emt 0:00:00]} 41. Rb1 {[%emt 0:00:54]} Ra2 {[%emt 0:02:50]} 42. Ra1 {[%emt 0:02:07]} Rxa1 {[%emt 0:12:03]} 43. Bxa1 {[%emt 0:00:17]} Kd6 {[%emt 0:01:02]} 44. Bg7 {[%emt 0:02:26]} h5 {[%emt 0:00:06]} 45. Kf4 {[%emt 0:00:08]} Kd5 {[%emt 0:00:21]} 46. Kg5 {[%emt 0:06:10]} Nc5 {[%emt 0:00:10]} 47. Kf6 {[%emt 0:00:11]} Ne4+ {[%emt 0:00:04]} 48. Kxf7 {[%emt 0:00:58]} Nxf2 {[%emt 0:00:06]} 49. Kxg6 {[%emt 0:00:03]} Ne4 {[%emt 0:00:06]} 50. Kxh5 {[%emt 0:00:02]} Nxg3+ {[%emt 0:00:06]} 1/2-1/2

[Event "17th Aeroflot Open-A 2019"]
[Site "Moscow"]
[Date "2019.02.20"]
[Round "1.35"]
[White "Gavrilescu, David"]
[Black "Deac, Bogdan-Daniel"]
[Result "0-1"]
[WhiteElo "2479"]
[BlackElo "2603"]
[Annotator "TA"]
[PlyCount "70"]
[EventDate "2019.02.19"]
[EventCountry "RUS"]
[SourceTitle "playchess.com"]
[Source "ChessBase"]
[SourceQuality "1"]

{[%evp 11,70,10,17,15,25,23,21,18,18,13,13,7,16,10,31,0,0,-13,8,0,0,0,0,0,0,0,0,0,0,0,30,28,29,21,19,15,45,12,10,0,19,0,9,4,7,0,0,-18,0,0,0,-65,-18,-32,-18,-50,-39,-339,-335,-1616,-703]} 1. e4 e5 2. Nf3 Nc6 3. Bc4 Bc5 4. d3 Nf6 5. O-O d6 6. c3 a6 7. a4 {C54: Giuoco Piano: 4 c3 Nf6, main lines with 5 d4 and 5 d3} Ba7 8. Re1 O-O 9. h3 {The position is equal.} b5 10. Bb3 b4 11. a5 Rb8 12. Nbd2 Be6 13. Bxe6 (13. Ba4 $5 {[%cal Ra4c6]} Nxa5 14. d4 $11) 13... fxe6 14. Nc4 {[#]} Rb5 $146 15. Be3 Bxe3 16. Rxe3 Nd7 17. d4 Qf6 18. Re2 Qg6 {[#] ...Rxf3 is the strong threat.} 19. Re3 bxc3 20. bxc3 Nf6 21. dxe5 dxe5 22. Nfd2 Rd8 23. Qf1 Qe8 24. Rd3 (24. Na3 $5 {[%cal Ra3b5]} Rb7 25. Nf3 $14) 24... Rdb8 25. Qd1 Qe7 26. g3 h6 27. Kg2 Kh7 28. Qa4 Nd7 {Threatens to win with ...Nc5.} 29. Qa3 Nc5 30. Re3 Qd8 31. Ree1 (31. Qc1 $11) 31... Nb7 (31... Nxa5 $5 32. Nxa5 Qxd2 $15) 32. Qa2 Nbxa5 33. Nxa5 Rxa5 34. Qxe6 $2 {[%mdl 8192] [#]} (34. Qc2 $1 $15) 34... Qxd2 $19 35. Qxc6 $2 (35. Red1 Qc2 36. Qf5+ Kg8 37. Rdc1) 35... Rf8 {Accuracy: White = 41%, Black = 56%.} (35... Rb2 $142 36. Rf1 Rxa1) 0-1

[Event "17th Aeroflot Open-A 2019"]
[Site "Moscow"]
[Date "2019.02.19"]
[Round "1.35"]
[White "Gavrilescu, David"]
[Black "Deac, Bogdan-Daniel"]
[Result "*"]
[WhiteElo "2479"]
[BlackElo "2603"]
[Annotator "TA"]
[PlyCount "39"]
[EventDate "2019.02.19"]
[EventCountry "RUS"]
[SourceTitle "playchess.com"]
[Source "ChessBase"]
[SourceQuality "1"]

{[%evp 21,26,18,12,5,7,4,24]} 1. e4 e5 2. Nf3 Nc6 3. Bc4 Bc5 4. c3 Nf6 5. d3 d6 6. O-O a6 7. Bb3 Ba7 8. Re1 O-O 9. h3 h6 10. Nbd2 Re8 11. Nf1 Be6 {The position is equal.} 12. Bc2 {C54: Giuoco Piano: 4 c3 Nf6, main lines with 5 d4 and 5 d3} d5 13. exd5 Bxd5 {[#]} {Predecessor:} 14. Ng3 $146 Qd6 15. Qe2 Rad8 16. Ne4 Qe6 17. b3 Ne7 18. Nh4 Bc6 19. Bd2 Nxe4 20. dxe4 {½-½ (72) Onischuk,V (2623)-Matlakov,M (2683) Bastia 2018} *

[Event "17th Aeroflot Open-A 2019"]
[Site "Moscow"]
[Date "2019.02.20"]
[Round "1.36"]
[White "Esipenko, Andrey"]
[Black "Dai, Changren"]
[Result "1-0"]
[WhiteElo "2603"]
[BlackElo "2473"]
[Annotator "RC"]
[PlyCount "59"]
[EventDate "2019.02.19"]
[EventCountry "RUS"]
[SourceTitle "playchess.com"]
[Source "ChessBase"]
[SourceQuality "1"]
[TimeControl "40/5400+30:1800+30"]

1. d4 {[%emt 0:00:00]} d5 {[%emt 0:00:00]} 2. c4 {[%emt 0:00:00]} e6 {[%emt 0:00:00]} 3. Nc3 {[%emt 0:00:00]} Be7 {[%emt 0:00:00]} 4. Nf3 {[%emt 0:00:00]} Nf6 {[%emt 0:00:00]} 5. Bg5 {[%emt 0:00:00]} h6 {[%emt 0:00:28]} 6. Bf4 {[%emt 0:00:03]} O-O {[%emt 0:02:12]} 7. e3 {[%emt 0:00:05]} Nbd7 {[%emt 0:00:33]} 8. g4 {[%emt 0:00:15]} dxc4 {[%emt 0:03:07]} 9. Bxc4 {[%emt 0:00:05]} c5 {[%emt 0:00:08]} 10. g5 {[%emt 0:00:09]} hxg5 {[%emt 0:00:26]} 11. Bxg5 {[%emt 0:00:05]} cxd4 {[%emt 0:01:24]} 12. exd4 {[%emt 0:00:07]} b5 {[%emt 0:02:57]} 13. Bxb5 {[%emt 0:00:29]} Nd5 {[%emt 0:05:18]} 14. Rg1 {[%emt 0:03:00]} Bxg5 {[%emt 0:16:24]} 15. Nxg5 {[%emt 0:05:43]} Nxc3 {[%emt 0:05:06]} 16. bxc3 {[%emt 0:03:37]} Qa5 {[%emt 0:05:41]} 17. Qd3 {[%emt 0:38:05]} Nf6 {[%emt 0:00:07]} 18. a4 {[%emt 0:16:30]} Bb7 {[%emt 0:18:34]} 19. Qg3 {[%emt 0:02:58]} Nh5 {[%emt 0:03:33]} 20. Qd3 {[%emt 0:01:36]} Nf6 {[%emt 0:00:27]} 21. Qg3 {[%emt 0:02:07]} Nh5 {[%emt 0:00:03]} 22. Qh3 {[%emt 0:00:25]} g6 {[%emt 0:01:20]} 23. Rc1 {[%emt 0:04:10]} Ba6 {[%emt 0:06:12]} 24. Ne4 {[%emt 0:01:41]} Bb7 {[%emt 0:08:24]} 25. Nc5 {[%emt 0:01:19]} Nf4 {[%emt 0:02:05]} 26. Qg3 {[%emt 0:01:38]} Qc7 {[%emt 0:02:44]} 27. Nxb7 {[%emt 0:00:58]} a6 {[%emt 0:00:18]} 28. Be2 {[%emt 0:01:50]} e5 {[%emt 0:00:54]} 29. Nc5 {[%emt 0:00:16]} Rfe8 {[%emt 0:02:46]} 30. Nd3 {[%emt 0:03:41]} 1-0

[Event "17th Aeroflot Open-A 2019"]
[Site "Moscow"]
[Date "2019.02.19"]
[Round "1.36"]
[White "Esipenko, Andrey"]
[Black "Dai, Changren"]
[Result "*"]
[WhiteElo "2603"]
[BlackElo "2473"]
[Annotator "TA"]
[PlyCount "23"]
[EventDate "2019.02.19"]
[EventCountry "RUS"]
[SourceTitle "playchess.com"]
[Source "ChessBase"]
[SourceQuality "1"]

{[%evp 9,23,20,17,6,6,0,19,31,22,11,37,22,36,30,15,33]} 1. d4 d5 2. c4 e6 3. Nc3 Be7 4. Nf3 Nf6 5. Bf4 O-O 6. a3 {D37: Queen's Gambit Declined: 5 Bf4} (6. e3 b6 7. Bd3 dxc4 8. Bxc4 Ba6 9. Bxa6 Nxa6 10. Qa4 Qc8 11. O-O c5 12. Rac1 Qb7 13. a3 Rfc8 14. Nb5 Nb8 15. dxc5 bxc5 {½-½ (35) Shankland,S (2725)-Anand,V (2773) Wijk aan Zee 2019}) 6... b6 7. Qc2 c5 8. Rd1 Bb7 9. cxd5 exd5 10. e3 Nbd7 11. Bd3 Re8 $146 ({Predecessor:} 11... a6 12. O-O Re8 13. dxc5 bxc5 {½-½ (44) Grandelius,N (2536)-Goloshchapov,A (2580) Germany 2012}) 12. O-O *